Loading...
| Literature - World | 0 | 11 | 0 | 1 | 110 | 31 | 101.64 | 6 | 10 | 0.00 | 0.00 |
| History - World | 0 | 10 | 0 | 1 | 100 | 57 | 91.00 | 7 | 10 | 0.00 | 0.00 |
| Literature - European | 0 | 10 | 0 | 0 | 100 | 56 | 91.30 | 4 | 9 | 0.00 | 0.00 |
| Literature - British | 0 | 10 | 0 | 0 | 100 | 38 | 77.70 | 5 | 10 | 0.00 | 0.00 |
| Fine Arts - Painting and Sculpture | 0 | 10 | 1 | 3 | 95 | 40 | 103.70 | 6 | 6 | 0.00 | 0.00 |
| Literature - American | 0 | 9 | 0 | 2 | 90 | 39 | 95.56 | 5 | 6 | 0.00 | 0.00 |
| History - Other | 0 | 8 | 1 | 1 | 75 | 39 | 86.38 | 5 | 7 | 0.00 | 0.00 |
| History - American | 0 | 5 | 0 | 2 | 50 | 89 | 112.20 | 0 | 3 | 0.00 | 0.00 |
| Fine Arts - Classical Music | 0 | 5 | 0 | 0 | 50 | 93 | 121.00 | 1 | 4 | 0.00 | 0.00 |
| Science - Physics | 0 | 4 | 0 | 0 | 40 | 55 | 77.00 | 2 | 3 | 0.00 | 0.00 |
| History - European | 0 | 6 | 4 | 1 | 40 | 49 | 78.50 | 2 | 5 | 0.00 | 0.00 |
| Fine Arts - Other | 0 | 4 | 1 | 0 | 35 | 103 | 109.50 | 0 | 3 | 0.00 | 0.00 |
| Science - Other | 0 | 4 | 2 | 0 | 30 | 70 | 105.00 | 2 | 2 | 0.00 | 0.00 |
| Philosophy | 0 | 3 | 0 | 0 | 30 | 67 | 77.33 | 3 | 3 | 0.00 | 0.00 |
| Religion | 0 | 3 | 0 | 0 | 30 | 84 | 102.67 | 0 | 2 | 0.00 | 0.00 |
| Social Science | 0 | 1 | 0 | 0 | 10 | 105 | 105.00 | 1 | 1 | 0.00 | 0.00 |
| Geography | 0 | 1 | 0 | 0 | 10 | 94 | 94.00 | 1 | 1 | 0.00 | 0.00 |
| Mythology | 0 | 1 | 0 | 0 | 10 | 123 | 123.00 | 0 | 1 | 0.00 | 0.00 |
| Other Academic | 0 | 1 | 0 | 0 | 10 | 84 | 84.00 | 0 | 0 | 0.00 | 0.00 |
| Current Events | 0 | 1 | 0 | 1 | 10 | 122 | 122.00 | 0 | 0 | 0.00 | 0.00 |
| Pop Culture | 0 | 0 | 1 | 0 | -5 | 0.00 | 0 | 0 | 0.00 | 0.00 |